Sesi Townhall bersama Yhbg. Tan Sri Dr. Mohd Irwan Serigar Abdullah bersama warga JPPH : 21/2/1018

Bibliographic Details
Corporate Author: Institut Penilaian Negara
Format: Video
Language:Malay
Published: Kajang : Institut Penilaian Negara 2017

MARC

LEADER 00000cam a2200000 7i4500
001 0000028145
005 20181019.0
006 k v
007 v c
008 181019 my v may
040 |a INS   |b eng   |e rda 
090 0 0 |a VCD 2536 2018 
245 0 0 |a Sesi Townhall bersama Yhbg. Tan Sri Dr. Mohd Irwan Serigar Abdullah bersama warga JPPH :   |b 21/2/1018 
264 1 |a Kajang :   |b Institut Penilaian Negara   |c 2017 
300 |a 2 video disc :   |b sound., color ;   |c 4 3/3 in. 
336 |a two-dimensional moving image  |2 rdacontent 
337 |a video  |2 rdamedia 
338 |a videodisc  |2 rdacarrier 
346 |a VCD   |b PAL  |2 rda 
710 2 |a Institut Penilaian Negara 
999 |a VCD0002590   |b VIDEO CD   |c Media Collection   |e Default branch 
999 |a VCD0002591   |b VIDEO CD   |c Media Collection   |e Default branch